Statistics for JRの特急列車(1991年)

Click here to take the quiz!

General Stats

  • This quiz has been taken 150 times
  • The average score is 56 of 91

Answer Stats

主な区間列車名% Correct
函館ー札幌北斗
91%
上野ー平ひたち
90%
千葉・新宿ー松本・南小谷あずさ
89%
東京ー修善寺・伊豆急下田踊り子
88%
名古屋ー高山・富山ひだ
87%
横浜・池袋・新宿ー成田空港成田エクスプレス
87%
大阪ー金沢・新潟雷鳥
87%
新宿ー甲府かいじ
87%
東京ー館山・千倉さざなみ
85%
名古屋ー金沢・富山しらさぎ
85%
札幌ー釧路おおぞら
84%
室蘭ー札幌・旭川ライラック
84%
大阪・名古屋ー長野しなの
82%
札幌ー網走オホーツク
82%
大阪ー青森白鳥
82%
東京ー安房鴨川わかしお
82%
【寝台】上野ー札幌北斗星
82%
【寝台】東京ー長崎・佐世保さくら
81%
【寝台】東京ー出雲市・浜田出雲
81%
【寝台】東京ー高松瀬戸
80%
博多ー長崎かもめ
80%
新大阪・天王寺ー新宮くろしお
79%
名古屋ー紀伊勝浦南紀
79%
岡山ー出雲市やくも
79%
新潟ー秋田・青森いなほ
79%
東京・新宿ー銚子しおさい
78%
上野ー会津若松あいづ
78%
【寝台】東京ー西鹿児島はやぶさ
77%
下関・小郡ー米子おき
77%
【寝台】大阪ー青森・函館日本海
77%
岡山ー高知・中村南風
77%
岡山ー松山・宇和島しおかぜ
76%
高松ー松山・宇和島いしづち
74%
松山ー宇和島宇和海
74%
博多ー佐世保みどり
73%
東京ー鹿島神宮あやめ
73%
【寝台】東京ー宮崎富士
73%
新大阪・大阪ー鳥取・米子はまかぜ
73%
東京・池袋ー伊豆急下田スーパービュー踊り子
72%
【寝台】上野ー青森あけぼの
71%
博多ー大分・西鹿児島にちりん
71%
岡山・高松ー徳島・牟岐うずしお
70%
上野ー長野・直江津あさま
70%
小田急新宿ー沼津あさぎり
70%
高松ー高知・中村しまんと
70%
上野ー平ー仙台スーパーひたち
68%
盛岡ー函館はつかり
66%
【寝台】東京ー下関・博多あさかぜ
64%
上野・仙台ー山形ー秋田つばさ
63%
高知ー中村あしずり
62%
福井・金沢ー新潟北越
62%
【寝台】上野ー金沢北陸
60%
福井・金沢ー長岡かがやき
60%
札幌ー帯広スーパーとかち
59%
【寝台】新大阪ー西鹿児島なは
59%
新名古屋ー高山北アルプス
58%
新大阪ー福知山・城崎北近畿
56%
【寝台】上野ー青森はくつる
56%
【寝台】大阪ー新潟つるぎ
55%
【寝台】上野ー青森ゆうづる
55%
神戸・大阪ー金沢・富山スーパー雷鳥
55%
米原ー金沢きらめき
54%
小倉・博多ー熊本・西鹿児島有明
54%
【寝台】東京ー熊本・長崎みずほ
53%
【寝台】京都ー長崎・佐世保あかつき
52%
京都・新大阪ー新宮スーパーくろしお
52%
【寝台】新大阪ー都城彗星
50%
札幌ー旭川スーパーホワイトアロー
49%
東京ー銚子すいごう
49%
米原ー金沢加越
48%
上野ー万座・鹿沢口新特急草津
47%
上野ー前橋新特急あかぎ
45%
上野ー金沢白山
45%
博多ー米子いそかぜ
42%
盛岡ー秋田・青森たざわ
39%
京都ー城崎ー米子あさしお
38%
上野ー水上新特急谷川
38%
新宿ー黒磯新特急なすの
37%
京都ー西舞鶴・久美浜タンゴエクスプローラー
36%
【寝台】上野ー青森鳥海
30%
益田ー米子くにびき
30%
大阪ー倉吉エーデル鳥取
27%
大阪ー福知山・浜坂エーデル北近畿
27%
【寝台】上野ー秋田出羽
27%
東京ー君津ホームタウンさざなみ
25%
東京ー上総一ノ宮ホームタウンわかしお
25%
上野ー水戸ホームタウンひたち
24%
博多ー長崎ハイパーかもめ
24%
博多・小倉ー大分ハイパーにちりん
21%
門司港・博多ー熊本・西鹿児島ハイパー有明
21%
上野ー高萩さわやかひたち
14%

Score Distribution

Percentile by Number Answered

Percent of People with Each Score

Your Score History

You have not taken this quiz